00407nam a2200121Ia 4500008004100000020002200041082002000063100008000083245007400163250001600237260002100253300001100274210430s9999 xx 000 0 und d a978-81-203-4399-3 a660.2812 A5321A aRichard Turton, Richard C. Bailie, Wallace B. Whiting, Joseph A. Shaeiwitz. aAnalysis Synthesis and Design of Chemical Processes /cRichard Turton a3rd edition aIndiabPHIc2011 a1068 P